[Event "Wch Blitz"]
[Site "Samarkand"]
[Date "2023.12.30"]
[Round "13"]
[White "Tregubenko, Nikolay"]
[Black "Bogdan, David"]
[Result "1/2-1/2"]
[WhiteElo "2017"]
[BlackElo "1671"]
[PlyCount "162"]
[EventDate "2023.12.29"]
[EventType "swiss (blitz)"]
[EventRounds "21"]
[EventCountry "UZB"]
[SourceTitle "CB01_2024"]
[SourceDate "2024.01.03"]
[SourceVersion "1"]
[SourceVersionDate "2024.01.03"]
[SourceQuality "1"]

1. e4 c5 2. Nf3 Nc6 3. d4 cxd4 4. Nxd4 Nf6 5. Nc3 e5 6. Ndb5 d6 7. Bg5 a6 8. Na3 b5 9. Nd5 Be7 10. Bxf6 Bxf6 11. c3 Bg5 12. Nc2 Rb8 13. Be2 0-0 14. 0-0 Be6 15. Nce3 Ne7 16. Qd3 Nxd5 17. Nxd5 Bxd5 18. Qxd5 Qc7 19. Rfd1 Be7 20. g3 Qb7 21. Qxb7 Rxb7 22. Rd2 f5 23. exf5 Rxf5 24. a4 Rf8 25. axb5 axb5 26. Ra5 Rfb8 27. Bf3 Rc7 28. Bd5+ Kf8 29. Rd1 Bd8 30. Ra6 Rc5 31. Rxd6 Be7 32. Rc6 Rc8 33. Rxc8+ Rxc8 34. Ra1 Bc5 35. Kg2 b4 36. c4 Ke7 37. b3 Rf8 38. Ra2 Kd6 39. f3 Ke7 40. Ra5 Rc8 41. Rb5 Rc7 42. Rb8 Kd6 43. Re8 Ra7 44. Re6+ Kd7 45. Rxe5 Ra2+ 46. Kh3 Bg1 47. Kg4 Rb2 48. Re1 Bf2 49. Rf1 Bc5 50. Ra1 Rxb3 51. Ra6 Rc3 52. Ra5 Bd6 53. Rb5 b3 54. Rb7+ Bc7 55. c5 Rxc5 56. Bxb3 Ra5 57. Bc2 h6 58. Bf5+ Kc6 59. Rb4 h5+ 60. Kg5 Bd8+ 61. Kg6 Bf6 62. Rc4+ Kd6 63. Re4 Ra2 64. h4 Rg2 65. g4 hxg4 66. fxg4 Bxh4 67. Kxg7 Bf2 68. Kg6 Bh4 69. Re6+ Kd5 70. Re8 Rb2 71. Rh8 Be7 72. Kf7 Bg5 73. Rg8 Bh4 74. g5 Ke5 75. Bd3 Rb7+ 76. Kg6 Rb3 77. Bc2 Rb2 78. Bd3 Rd2 79. Ba6 Rg2 80. Kh5 Rxg5+ 81. Rxg5+ Bxg5 1/2-1/2

[Event "Wch Rapid"]
[Site "Samarkand"]
[Date "2023.12.27"]
[Round "6"]
[White "Tregubenko, Nikolay"]
[Black "Leiva Rodriguez, Jeammarco Giuseppe"]
[Result "0-1"]
[WhiteElo "2017"]
[BlackElo "2398"]
[PlyCount "108"]
[EventDate "2023.12.26"]
[EventType "swiss (rapid)"]
[EventRounds "13"]
[EventCountry "UZB"]
[SourceTitle "CB01_2024"]
[SourceDate "2024.01.03"]
[SourceVersion "1"]
[SourceVersionDate "2024.01.03"]
[SourceQuality "1"]

1. e4 c6 2. d4 d5 3. e5 Bf5 4. h4 h5 5. Bg5 Qb6 6. Bd3 Bxd3 7. Qxd3 e6 8. Nd2 Ne7 9. c4 Nf5 10. Ne2 Bb4 11. Rd1 dxc4 12. Qxc4 a5 13. a3 Bxd2+ 14. Rxd2 Qa6 15. Qb3 Nd7 16. 0-0 a4 17. Qb4 Qb6 18. Qc4 Ra5 19. Nf4 Qb3 20. Qe2 g6 21. Bf6 Nxf6 22. exf6 Qb5 23. Rd3 0-0 24. d5 cxd5 25. Rc1 d4 26. Rc7 Qe5 27. Qxe5 Rxe5 28. Rxb7 Nxh4 29. Rxd4 Rg5 30. Kf1 Rg4 31. g3 Nf5 32. Rdd7 h4 33. Nd3 hxg3 34. fxg3 Nxg3+ 35. Ke1 Nh5 36. Nc5 Nxf6 37. Re7 Rf4 38. Ra7 Nd5 39. Red7 Rc8 40. Nd3 Rf5 41. Rxa4 Nb6 42. Raa7 Nxd7 43. Rxd7 g5 44. b4 g4 45. Rd4 Rg5 46. Nc5 g3 47. Kf1 Kg7 48. Kg2 Rh8 49. Rd7 Rh2+ 50. Kg1 Re5 51. Rd1 Ree2 52. b5 Reg2+ 53. Kf1 Rc2 54. Kg1 Rxc5 0-1

[Event "Wch U14"]
[Site "Montesilvano"]
[Date "2023.11.24"]
[Round "11"]
[White "Yang, Siyuan"]
[Black "Tregubenko, Nikolay"]
[Result "0-1"]
[WhiteElo "1711"]
[BlackElo "2138"]
[PlyCount "90"]
[EventDate "2023.11.13"]
[EventType "swiss"]
[EventRounds "11"]
[EventCountry "ITA"]
[SourceTitle "CB48_2023"]
[SourceDate "2023.11.29"]
[SourceVersion "1"]
[SourceVersionDate "2023.11.29"]
[SourceQuality "1"]

1. d4 Nf6 2. c4 g6 3. Nc3 Bg7 4. e4 0-0 5. Be2 d6 6. Be3 Nc6 7. g4 e5 8. d5 Nd4 9. f3 Ne8 10. Qd2 f5 11. 0-0-0 f4 12. Bxd4 exd4 13. Nb5 c5 14. dxc6 bxc6 15. Nxd4 Qb6 16. Nb3 Rb8 17. Nh3 Be5 18. Rhf1 a5 19. c5 dxc5 20. Bc4+ Kg7 21. Qxa5 Nd6 22. Be2 Qxa5 23. Nxa5 Bxb2+ 24. Kc2 Bd4 25. Nb3 Be5 26. Rb1 Ra8 27. Nc1 c4 28. Rb6 Ra6 29. Rb4 Be6 30. Rd1 h6 31. Bf1 Raa8 32. Rd2 Nb5 33. a4 Na3+ 34. Kd1 Rab8 35. Rxb8 Rxb8 36. Ra2 Nb1 37. Rc2 c3 38. Bd3 Na3 39. Re2 Nc4 40. Bxc4 Bxc4 41. Rc2 Rb1 42. Nf2 Bb3 43. Nfd3 Bd4 44. Nxf4 Be3 45. Nfe2 Bxa4 0-1

[Event "Wch U14 rapid"]
[Site "Batumi"]
[Date "2023.06.08"]
[Round "11"]
[White "Tregubenko, Nikolay"]
[Black "Kondakov, Konstantin"]
[Result "1-0"]
[WhiteElo "1950"]
[BlackElo "1902"]
[PlyCount "71"]
[EventDate "2023.06.06"]
[EventType "swiss (rapid)"]
[EventRounds "11"]
[EventCountry "GEO"]
[SourceTitle "EXT 2024"]
[Source "ChessBase"]
[SourceDate "2023.10.10"]
[SourceVersion "1"]
[SourceVersionDate "2023.10.10"]
[SourceQuality "1"]
[WhiteTeam "FIDE"]
[BlackTeam "FIDE"]

1. e4 d6 2. d4 Nf6 3. Nc3 c6 4. a4 Qa5 5. f3 e5 6. Be3 Be7 7. Qd2 Nbd7 8. Bc4 b5 9. Bb3 b4 10. Nce2 c5 11. dxc5 Nxc5 12. Ng3 Nxb3 13. cxb3 g6 14. Bg5 Qb6 15. Rd1 Be6 16. Qd3 Nd7 17. Bxe7 Kxe7 18. a5 Qc6 19. N1e2 Nc5 20. Qe3 Bxb3 21. Rc1 Be6 22. f4 exf4 23. Nxf4 Qb5 24. Nge2 Rac8 25. 0-0 Nd7 26. Nd4 Qe5 27. Nfxe6 fxe6 28. Nc6+ Rxc6 29. Rxc6 Rf8 30. Rd1 d5 31. Qd4 Qh5 32. exd5 e5 33. Qxb4+ Kd8 34. Rdc1 Ke8 35. Rc8+ Kf7 36. Rf1+ 1-0

[Event "EU-ch 23rd"]
[Site "Vrnjacka Banja"]
[Date "2023.03.11"]
[Round "9"]
[White "Sredojevic, Ivan"]
[Black "Tregubenko, Nikolay"]
[Result "1-0"]
[WhiteElo "2255"]
[BlackElo "2022"]
[PlyCount "97"]
[EventDate "2023.03.03"]
[EventType "swiss"]
[EventRounds "11"]
[EventCountry "SRB"]
[SourceTitle "CBM 213"]
[Source "ChessBase"]
[SourceDate "2023.04.30"]
[SourceVersion "1"]
[SourceVersionDate "2023.04.30"]
[SourceQuality "1"]

1. e4 c5 2. Nf3 d6 3. Bb5+ Nd7 4. d4 cxd4 5. Qxd4 e5 6. Qd3 a6 7. Bxd7+ Bxd7 8. 0-0 h6 9. a4 Nf6 10. c4 Be7 11. b3 0-0 12. Nc3 Bc6 13. Rd1 b5 14. Ba3 bxa4 15. bxa4 Re8 16. Rac1 Qa5 17. c5 dxc5 18. Nxe5 Qc7 19. Nxc6 Qxc6 20. Qc4 Bf8 21. f3 Rad8 22. Ne2 Bd6 23. g3 Rc8 24. Bb2 Nd7 25. Nd4 Qc7 26. Nf5 Ne5 27. Qc3 Bf8 28. f4 Nc6 29. Nxg7 Nd4 30. Nxe8 Ne2+ 31. Kf2 Nxc3 32. Nxc7 Nxd1+ 33. Rxd1 Rxc7 34. Rd8 Rc6 35. e5 Rc7 36. Kf3 Rb7 37. Bc1 Rb1 38. Be3 Rb3 39. Ke4 Kg7 40. f5 Rb4+ 41. Kf3 Rb3 42. f6+ Kg8 43. Ke4 Rb4+ 44. Kf5 Rxa4 45. Bxh6 Ra2 46. Rxf8+ Kh7 47. Bg7 Rf2+ 48. Kg5 Rxf6 49. Bxf6 1-0

[Event "EU-ch 23rd"]
[Site "Vrnjacka Banja"]
[Date "2023.03.06"]
[Round "4"]
[White "Tregubenko, Nikolay"]
[Black "Shubin, Kirill"]
[Result "1/2-1/2"]
[WhiteElo "2022"]
[BlackElo "2449"]
[PlyCount "58"]
[EventDate "2023.03.03"]
[EventType "swiss"]
[EventRounds "11"]
[EventCountry "SRB"]
[SourceTitle "CBM 213"]
[Source "ChessBase"]
[SourceDate "2023.04.30"]
[SourceVersion "1"]
[SourceVersionDate "2023.04.30"]
[SourceQuality "1"]

1. e4 e6 2. d4 d5 3. Nc3 Nf6 4. e5 Nfd7 5. f4 c5 6. Nce2 Nc6 7. Nf3 Qb6 8. c3 Be7 9. h4 f6 10. h5 0-0 11. Rh3 cxd4 12. cxd4 fxe5 13. fxe5 Bb4+ 14. Bd2 Rxf3 15. gxf3 Nxd4 16. Nxd4 Qxd4 17. Bxb4 Qxb4+ 18. Qd2 Qxd2+ 19. Kxd2 Nxe5 20. f4 Ng4 21. Rc1 Nf6 22. Rh2 Kf8 23. h6 g6 24. Rc7 b5 25. Bxb5 Rb8 26. Kc1 Rxb5 27. Rxc8+ Ke7 28. Rc7+ Kd6 29. Rg7 Rb8 1/2-1/2

[Event "EU-ch 23rd"]
[Site "Vrnjacka Banja"]
[Date "2023.03.04"]
[Round "2"]
[White "Tregubenko, Nikolay"]
[Black "Vagman, Roy"]
[Result "1-0"]
[WhiteElo "2022"]
[BlackElo "2298"]
[PlyCount "85"]
[EventDate "2023.03.03"]
[EventType "swiss"]
[EventRounds "11"]
[EventCountry "SRB"]
[SourceTitle "CBM 213"]
[Source "ChessBase"]
[SourceDate "2023.04.30"]
[SourceVersion "1"]
[SourceVersionDate "2023.04.30"]
[SourceQuality "1"]

1. e4 c5 2. Nf3 d6 3. d4 cxd4 4. Nxd4 Nf6 5. Nc3 Nc6 6. Bg5 e6 7. Qd2 Be7 8. 0-0-0 a6 9. f4 Bd7 10. Nf3 b5 11. Bxf6 gxf6 12. f5 Qa5 13. Kb1 h5 14. g3 Rc8 15. Bh3 b4 16. Ne2 e5 17. g4 hxg4 18. Bxg4 Qb6 19. h4 Na5 20. b3 Bc6 21. Ng3 Rg8 22. Nh2 Nb7 23. h5 Nc5 24. Rhe1 a5 25. h6 Rh8 26. Bf3 a4 27. Ng4 Bb7 28. Ne3 Na6 29. Nc4 Rxc4 30. bxc4 Nc5 31. Rh1 Ba6 32. Be2 Bb7 33. Bd3 Kd7 34. h7 Bc6 35. Ka1 Na6 36. Ne2 Nc5 37. Rh4 Bd8 38. Rg1 b3 39. Rg8 Nxd3 40. cxd3 bxa2 41. Qb2 Qa5 42. Rxh8 Qe1+ 43. Kxa2 1-0